| 000 | 00702nam a22001577a 4500 | ||
|---|---|---|---|
| 003 | OSt | ||
| 005 | 20151031150038.0 | ||
| 008 | 151031b xxu||||| |||| 00| 0 eng d | ||
| 040 | _cRUA | ||
| 082 | _aATM.s LON 2004 B059 Or.1 | ||
| 100 |
_93087 _aLON, SITHET. |
||
| 245 | _aEffect of storage condition on rice pollen viability at royal university of agriculture, ឥទ្ធិពលនៃលក្ខខណ្ឌថែរក្សាទៅលើដំណុះភាពនៃគ្រាប់លំអងស្រូវនៅសាកលវិទ្យាល័យភូមិន្ទកសិកម្ម | ||
| 260 |
_aPhmon Penh _bRUA _c2004 |
||
| 300 |
_aix; 47p. _bill. _c29cm. |
||
| 942 |
_2ddc _cATMSP |
||
| 999 |
_c2877 _d2877 |
||